000 00501nam a2200181Ia 4500
005 20250508152711.0
008 008 250505s9999 xx 000 0 eng d
037 _aTextual
040 _aFEDL
_beng
_cFEDL
041 _aeng
_2eng
084 _a362.8, WAL
_qFEDL
100 _aWallis J. H.
_987532
245 0 _aCounselling and social welfare
260 _aLondon, UK
_bRoutledge and Kegan Paul
_c1960
300 _ax,146p
942 _cTEXL
_h362.8, WAL
999 _c1338137
_d1338137